01507nam a2200385 i 4500003000900000005001700009008004100026020001800067020001400085040004300099082001900142100004400161245021600205250002100421250002700442264006300469264001000532300004600542336002600588337002800614338002700642504005200669590000900721650003400730650004300764650002300807651001000830653003100840655001700871700004600888700002900934942001200963999001500975952013100990EG-ScBUE20241210135204.0150819t1998 nuja f b 001 0 eng d a9780139505454 a013950458 aEG-ScBUEbengerdacEG-ScBUEdEG-ScBUE04a519.5bMCC2221 aMcClave, James T., eauthor.10aStatistics for business and economics /cJames T. McClave, Info Tech, Inc., University of Florida, P. George Benson, Graduate School of Management, Rutgers University, Terry Sincich, University of South Florida. aSeventh edition. aInternational edition. 1aUpper Saddle River :bPrentice Hall International,c[1998] 4cc1998 axix, 1067 pages :billustrations ;c28 cm 2rdacontentatextbtxt aunmediated2rdamediabn avolumebnc2rdacarrier aIncludes bibliographical references and index.  aDoha 7aCommercial statistics.2BUEsh 7aEconomicsxStatistical methods.2BUEsh 7aStatistics.2BUEsh 2BUEsh bBUSADMbBUSECOcAugust2015 vReading book1 aBenson, P. George,d1946-eauthor.9374461 aSincich, Terry,eauthor. cBB2ddc c4131d4131 00104070aMAINbMAINc1STd2007-08-22ePurchasel2m1o519.5 MCCp000000246r2025-07-15 00:00:00s2019-11-12w2007-08-22yBB